| 000 | 00864cam a2200241 a 4500 | ||
|---|---|---|---|
| 001 | 000001880 | ||
| 005 | 20241009100000.0 | ||
| 008 | 880607s1989 nyu b 001 0 eng | ||
| 020 | _a0582285224 | ||
| 040 |
_aDO-SdBNP _bspa _cBNPHU |
||
| 082 |
_a004 _bD622e |
||
| 100 | 1 |
_aDizard, Wilson P. _96143 |
|
| 240 | 1 | 4 |
_aThe coming information age. _lEspañol |
| 245 | 1 | 3 |
_aLa era de la información : _bun panorama general de su tecnología , economíay política / _cWilson P. Dizard ; traducción, Manuel Ortiz Staines. |
| 260 |
_aMéxico : _bPubligrafics, _c1989. |
||
| 300 |
_axiv, 215 p. ; _c22 cm. |
||
| 534 |
_pTítulo original: _tThe coming information age |
||
| 504 | _aIncluye referencias bibliográficas. | ||
| 590 | _aInventariado,2018/DG | ||
| 650 | 4 |
_aInformática _95660 |
|
| 650 | 0 |
_aComunicación _9378 |
|
| 700 | 1 |
_aOrtiz Staines, Manuel, _etr. _96144 |
|
| 999 |
_c1756 _d1756 |
||